مكتبة جامعة عجلون الوطنية

فهرس بحث المكتبة

Normal view MARC view
  • الوسطية- الاسلام

Entry Topical Term

Number of records used in: 1

001 - CONTROL NUMBER

  • control field: 41230

003 - CONTROL NUMBER IDENTIFIER

  • control field: JO-AjAnu

005 - DATE AND TIME OF LATEST TRANSACTION

  • control field: 20230606080841.0

008 - FIXED-LENGTH DATA ELEMENTS

  • fixed length control field: 230606|| aca||aabn | a|a d

040 ## - CATALOGING SOURCE

  • Original cataloging agency: JO-AjAnu
  • Transcribing agency: JO-AjAnu

150 ## - HEADING--TOPICAL TERM

  • Topical term or geographic name entry element: الوسطية- الاسلام

670 ## - SOURCE DATA FOUND

  • Source citation: Work cat.: (JO-AjAnu)21129: المنتدى العالمي للوسطية, author 41229, ترسيخ الفكر الوسطي في العالم الإسلامي: الندوة الدولية الأولى المنتدى العالمي للوسطية عمان- الاردن 12-15 / 12/ 2009